000 01056pam a2200253 i 4500
999 _c24968
_d24968
001 3716301
003 OSt
005 20170130125734.0
008 800130s1980 vaua b 001 0 eng
010 _a 80010670
020 _a0873531647
040 _aDLC
_cDLC
_dDLC
050 0 0 _aQA43
_b.J58 1980
082 0 0 _a510/.7/12
110 2 _aJoint Committee of the Mathematical Association of America and the National Council of Teachers of Mathematics.
245 1 2 _aA sourcebook of applications of school mathematics /
_cprepared by a Joint Committee of the Mathematical Association of America and the National Council of Teachers of Mathematics.
260 _aReston, Va. :
_bNational Council of Teachers of Mathematics,
_c1980.
300 _axii, 361 p. :
_bill. ;
_c25 cm.
500 _aIncludes index.
504 _aBibliography: p. 302-349.
650 0 _aMathematics
_xProblems, exercises, etc.
906 _a7
_bcbc
_corignew
_d1
_eocip
_f19
_gy-gencatlg
942 _2lcc
_cBOOKS
_hQA 43 .J58 1980